| 000 | 00436nam a22001817a 4500 | ||
|---|---|---|---|
| 003 | MPLRDC | ||
| 005 | 20220104144311.0 | ||
| 008 | 210129b ||||| |||| 00| 0 eng d | ||
| 020 | _a7-5307-2231-x | ||
| 082 | _a310.7 HXK 1999 | ||
| 100 | _a新蕾编委会 | ||
| 245 |
_a中考数学马前炮 _c |
||
| 250 | _a初版 | ||
| 260 |
_a _b新蕾出版社 _c1999 |
||
| 300 | _b平 | ||
| 650 | _a数学总论 | ||
| 942 |
_cBK _o310.7 HXK 1999 |
||
| 999 |
_c48282 _d48272 |
||